Fundamentos de la contabilidad /

Guardado en:
Autor Principal: Biondi, Mario.
Otros Autores: Tau de Zandoná, María Celia.
Formato: Libro
Idioma:Spanish
Publicado: Buenos Aires : Ediciones Macchi, impresión de 1978.
Materias:
Etiquetas: Agregar Etiqueta
Sin Etiquetas, Sea el primero en etiquetar este registro!
LEADER 00802nam a22002295a 4500
001 EAD.ead000976
008 070917s1978####ag############001#0#spa#d
005 20210419113939.0
245 1 0 |a Fundamentos de la contabilidad /  |c Mario Biondi, María Celia T. de Zandoná. 
260 |a Buenos Aires :  |b Ediciones Macchi,  |c impresión de 1978. 
300 |a [316] p. ;  |c 22 cm. 
500 |a Incluye índice. 
100 1 |a Biondi, Mario. 
700 1 |a Tau de Zandoná, María Celia. 
082 0 4 |a 657  |2 21 
650 7 |a Contabilidad.  |2 unbist 
653 |a Plan de cuentas 
653 |a Registro contable 
650 7 |a Balance.  |2 isoc 
650 7 |a Estados contables.  |2 isoc 
859 |a AR-BaBDC  |b BIB. ADMINISTRACION - Libros  |h 657  |i B523-2  |p b00973 
859 |a AR-BaBDC  |b BIB. ADMINISTRACION - Libros  |h 657  |i B523-2  |p b04638  |t Ej.2